| 000 | 00593cam a2200205 4500 | ||
|---|---|---|---|
| 001 | D15479 | ||
| 008 | 090401t1982 xxu||||| |||| 00| 0 eng d | ||
| 035 | _a(Sirsi) u23100 | ||
| 041 | _aeng | ||
| 050 | _a336.21076 | ||
| 100 | _aWalter, K.C. | ||
| 245 | _aHistory of the rating diploma 1919-1982 | ||
| 260 |
_bRICS _c1982 |
||
| 300 | _a34p. 21cm | ||
| 350 | _a0 | ||
| 520 | _aFiled in box RICS 1982/38 AB; Presented by M.J. Faulkes, FRICS. Sec.y, RICS Rating Diploma Holders` Section. | ||
| 710 |
_aRoyal Institution of Chartered Surveyors _94900 |
||
| 942 | _n0 | ||
| 948 | _c04/03/1997 | ||
| 999 |
_c88320 _d88320 |
||